[Event "South America-ch U12 17th"]
[Site "Guayaquil"]
[Date "2022.01.29"]
[Round "7"]
[White "Montano Velasco, Matias Khaleb"]
[Black "Alarcon Vega, Icker Aldair"]
[Result "1-0"]
[WhiteElo "1375"]
[BlackElo "1208"]
[PlyCount "121"]
[EventDate "2022.01.25"]
[EventType "swiss"]
[EventRounds "9"]
[EventCountry "ECU"]
[SourceTitle "CBM 206 Extra"]
[Source "ChessBase"]
[SourceDate "2022.03.31"]
[SourceVersion "1"]
[SourceVersionDate "2022.03.31"]
[SourceQuality "1"]

1. c4 e5 2. Nc3 Nf6 3. g3 d5 4. cxd5 Nxd5 5. Bg2 Nxc3 6. bxc3 Bd6 7. Nf3 0-0 8. d3 c6 9. 0-0 Qc7 10. Qc2 f6 11. Rb1 Be6 12. d4 e4 13. Qxe4 Bxa2 14. Ra1 Bc4 15. Qc2 Re8 16. Re1 Nd7 17. e4 c5 18. d5 f5 19. exf5 Bxd5 20. Ba3 Nf6 21. Ng5 Bxg2 22. Kxg2 Qc6+ 23. Kg1 Rxe1+ 24. Rxe1 Re8 25. Ne6 b6 26. Bc1 Kf7 27. Qa2 Qd5 28. Ng5+ Kf8 29. Nxh7+ Kf7 30. Ng5+ Kf8 31. Nh7+ Kf7 32. Qxa7+ Re7 33. Ng5+ Kf8 34. Ne6+ Qxe6 35. Rxe6 Rxa7 36. Rxd6 Ra1 37. Rd8+ Ke7 38. Rd1 Kf7 39. Rf1 Ne4 40. Bb2 Ra2 41. Ba1 Rc2 42. Kg2 b5 43. g4 Nxc3 44. Bxc3 Rxc3 45. g5 b4 46. h4 g6 47. fxg6+ Kxg6 48. f4 b3 49. f5+ Kf7 50. f6 Rd3 51. g6+ Kf8 52. h5 Rd5 53. Ra1 Rg5+ 54. Kh3 Ke8 55. f7+ Ke7 56. Re1+ Kd7 57. f8Q Rxh5+ 58. Kg4 Rd5 59. Qe8+ Kc7 60. Re7+ Kb6 61. Qb8+ 1-0

[Event "South America-ch U12 17th"]
[Site "Guayaquil"]
[Date "2022.01.26"]
[Round "3"]
[White "Mendoza Rivas, Edgar Javier"]
[Black "Montano Velasco, Matias Khaleb"]
[Result "0-1"]
[WhiteElo "1107"]
[BlackElo "1375"]
[PlyCount "74"]
[EventDate "2022.01.25"]
[EventType "swiss"]
[EventRounds "9"]
[EventCountry "ECU"]
[SourceTitle "CBM 206 Extra"]
[Source "ChessBase"]
[SourceDate "2022.03.31"]
[SourceVersion "1"]
[SourceVersionDate "2022.03.31"]
[SourceQuality "1"]

1. e4 g6 2. d4 Bg7 3. Nc3 d6 4. Nf3 Nf6 5. Bc4 0-0 6. 0-0 Nfd7 7. Bg5 Nb6 8. Bb3 Bg4 9. h3 Bxf3 10. gxf3 N8d7 11. Qd2 c5 12. dxc5 Nxc5 13. Bd5 Qd7 14. Rab1 h6 15. Bxh6 Qxh3 16. Bxg7 Kxg7 17. Qg5 e6 18. Bb3 Qxf3 19. Qg2 Qxg2+ 20. Kxg2 Rad8 21. Rbd1 Nxb3 22. axb3 d5 23. exd5 Nxd5 24. Ra1 Nxc3 25. bxc3 a6 26. Rfd1 Rxd1 27. Rxd1 Rc8 28. c4 Rc7 29. Kf3 b5 30. Rd4 bxc4 31. Rxc4 Rxc4 32. bxc4 Kf8 33. Ke3 Ke7 34. Kd4 Kd6 35. c5+ Kc6 36. Kc4 g5 37. Kd4 f5 0-1

[Event "ECU-ch Qual Blitz"]
[Site "Chess.com INT"]
[Date "2021.06.25"]
[Round "2"]
[White "Castillo Gonzalez, Thomas Davis"]
[Black "Montano Velasco, Matias Khaleb"]
[Result "1-0"]
[WhiteElo "2046"]
[BlackElo "1625"]
[PlyCount "115"]
[EventDate "2021.06.25"]
[EventType "swiss (blitz)"]
[EventRounds "9"]
[EventCountry "ECU"]
[SourceTitle "CBM 203 Extra"]
[Source "ChessBase"]
[SourceDate "2021.09.30"]
[SourceVersion "1"]
[SourceVersionDate "2021.09.30"]
[SourceQuality "1"]

1. c4 g6 2. Nc3 Bg7 3. d4 d6 4. e4 Nc6 5. Be3 e5 6. Nge2 f5 7. f3 Nf6 8. h3 0-0 9. d5 Ne7 10. Qd2 a6 11. g4 b5 12. g5 b4 13. gxf6 bxc3 14. Nxc3 Rxf6 15. 0-0-0 f4 16. Bf2 Rf8 17. c5 Rb8 18. Kb1 h6 19. Rc1 Kh7 20. Na4 Qe8 21. cxd6 cxd6 22. Nb6 Bb7 23. Rc7 Qd8 24. Qc3 Nc8 25. Rg1 Nxb6 26. Bxb6 Qf6 27. Bd3 Rfc8 28. Rc1 Qf8 29. Qa3 Ra8 30. Rxb7 Rxc1+ 31. Kxc1 Qc8+ 32. Rc7 Qxh3 33. Bc2 Qf1+ 34. Bd1 h5 35. Qxd6 Kh6 36. Qe7 Rg8 37. d6 Qd3 38. d7 Bf8 39. Qxe5 Bd6 40. Qd5 Qxd5 41. exd5 Bxc7 42. Bxc7 h4 43. Be2 h3 44. Bf1 h2 45. Bg2 g5 46. d8Q Rxd8 47. Bxd8 Kh5 48. Kd2 Kh4 49. Ke2 Kg3 50. Kf1 g4 51. fxg4 f3 52. Bh1 f2 53. Bc7+ Kh3 54. d6 Kxg4 55. d7 Kh3 56. d8Q Kg4 57. Qd4+ Kh3 58. Bg2# 1-0

[Event "ECU-ch Qual Blitz"]
[Site "Chess.com INT"]
[Date "2021.06.25"]
[Round "5"]
[White "Montano Velasco, Matias Khaleb"]
[Black "Recalde Solorzano, Anthony Josue"]
[Result "0-1"]
[WhiteElo "1625"]
[BlackElo "1868"]
[PlyCount "114"]
[EventDate "2021.06.25"]
[EventType "swiss (blitz)"]
[EventRounds "9"]
[EventCountry "ECU"]
[SourceTitle "CBM 203 Extra"]
[Source "ChessBase"]
[SourceDate "2021.09.30"]
[SourceVersion "1"]
[SourceVersionDate "2021.09.30"]
[SourceQuality "1"]

1. c4 b6 2. Nc3 Bb7 3. d3 Nf6 4. e4 d6 5. f4 e5 6. g3 Nbd7 7. Bg2 g6 8. Nf3 Bg7 9. 0-0 0-0 10. h3 Rc8 11. g4 exf4 12. Bxf4 a6 13. b4 Nxg4 14. Qd2 Nge5 15. d4 Nxc4 16. Qe2 b5 17. a4 c6 18. Rfc1 Re8 19. Qd3 Nf6 20. Bg5 h6 21. Bf4 Nh5 22. Bh2 Qd7 23. a5 Qe7 24. Re1 c5 25. dxc5 dxc5 26. Nd5 Qd7 27. Rad1 Bxd5 28. exd5 Nb2 29. Qc2 Nxd1 30. Rxd1 cxb4 31. Qb3 Rc7 32. Qxb4 Rc4 33. Qb3 Nf6 34. Nd2 Rcc8 35. Nb1 Ne4 36. Qb4 Qa7+ 37. Kh1 Nf2+ 38. Kg1 Nxd1+ 39. Kh1 Rc7 40. Bg1 Qb8 41. Bb6 Rc6 42. d6 Rc1 43. Nd2 Ne3+ 44. Kh2 Nxg2 45. Kxg2 Qb7+ 46. Kh2 Qd5 47. d7 Qxd7 48. Nf3 Rc2+ 49. Kg3 Rc3 50. h4 h5 51. Qf4 Qg4+ 52. Qxg4 hxg4 53. Kxg4 Re4+ 54. Kg5 Rxf3 55. h5 Bf6+ 56. Kh6 Rh4 57. Bd8 Rxh5# 0-1

[Event "ECU-ch Qual Blitz"]
[Site "Chess.com INT"]
[Date "2021.06.25"]
[Round "7"]
[White "Penafiel Mendoza, Josselyne Stefania"]
[Black "Montano Velasco, Matias Khaleb"]
[Result "1-0"]
[WhiteElo "1930"]
[BlackElo "1625"]
[PlyCount "43"]
[EventDate "2021.06.25"]
[EventType "swiss (blitz)"]
[EventRounds "9"]
[EventCountry "ECU"]
[SourceTitle "CBM 203 Extra"]
[Source "ChessBase"]
[SourceDate "2021.09.30"]
[SourceVersion "1"]
[SourceVersionDate "2021.09.30"]
[SourceQuality "1"]

1. d4 g6 2. c4 d6 3. Nc3 Bg7 4. e4 Nc6 5. Be3 e5 6. d5 Nce7 7. Be2 Nf6 8. g4 0-0 9. h4 Ne8 10. h5 f5 11. hxg6 hxg6 12. gxf5 gxf5 13. Bg5 f4 14. Bg4 Nf6 15. Bf3 Qe8 16. Qe2 Qg6 17. Bh4 Bg4 18. Bxg4 Qxg4 19. Qxg4 Nxg4 20. Bxe7 Rf7 21. Bg5 Bf8 22. Nf3 1-0

[Event "ECU Clasif2 U13"]
[Site "Chess.com INT"]
[Date "2020.12.18"]
[Round "4"]
[White "Garzon Zapatanga, Christopher Leonel"]
[Black "Montano Velasco, Matias Khaleb"]
[Result "1-0"]
[WhiteElo "1697"]
[BlackElo "1354"]
[PlyCount "61"]
[EventDate "2020.12.18"]
[EventType "swiss"]
[EventRounds "9"]
[EventCountry "ECU"]
[SourceTitle "EXT 2022"]
[Source "ChessBase"]
[SourceDate "2021.10.06"]
[SourceVersion "1"]
[SourceVersionDate "2021.10.06"]
[SourceQuality "1"]

1. e4 Nf6 2. e5 Nd5 3. d4 d6 4. c4 Nb6 5. exd6 cxd6 6. Nc3 g6 7. Nf3 Bg4 8. Be2 Nc6 9. d5 Nb8 10. Qd4 f6 11. Qxg4 Bg7 12. Qd4 N8d7 13. Ng5 0-0 14. Ne6 Qe8 15. Nxf8 Qxf8 16. 0-0 Ne5 17. f4 Ned7 18. Qd1 Rc8 19. b3 f5 20. Bb2 Nc5 21. Rc1 Bf6 22. Bf3 Qg7 23. Re1 Nbd7 24. Qe2 Bd4+ 25. Kh1 Kh8 26. Qxe7 Qxe7 27. Rxe7 Nf6 28. Ba1 Nd3 29. Rc2 Nf2+ 30. Rxf2 Bxf2 31. Nb5 1-0

[Event "ECU Clasif1 U13"]
[Site "Chess.com INT"]
[Date "2020.12.17"]
[Round "6"]
[White "Atiencia Merino, Jose Luis"]
[Black "Montano Velasco, Matias Khaleb"]
[Result "0-1"]
[WhiteElo "1191"]
[BlackElo "1354"]
[PlyCount "64"]
[EventDate "2020.12.17"]
[EventType "swiss"]
[EventRounds "9"]
[EventCountry "ECU"]
[SourceTitle "EXT 2022"]
[Source "ChessBase"]
[SourceDate "2021.10.06"]
[SourceVersion "1"]
[SourceVersionDate "2021.10.06"]
[SourceQuality "1"]

1. e4 Nf6 2. Nf3 Nxe4 3. d3 Nf6 4. Nc3 d5 5. d4 Bg4 6. Be3 Nc6 7. h3 Bxf3 8. Qxf3 e6 9. Bd3 Be7 10. h4 Nb4 11. Qe2 Nxd3+ 12. Qxd3 Rc8 13. 0-0-0 c5 14. Qb5+ Qd7 15. Qxd7+ Kxd7 16. dxc5 Bxc5 17. Bxc5 Rxc5 18. Na4 Rc7 19. Nc3 Rhc8 20. Rd2 a6 21. f3 b5 22. a3 Ne8 23. Rhd1 Ke7 24. a4 b4 25. Ne2 Nd6 26. Kb1 Nc4 27. Rd4 a5 28. c3 bxc3 29. Nxc3 Nxb2 30. Kxb2 Rxc3 31. Ra1 Rc2+ 32. Kb3 R8c3# 0-1

[Event "ECU Clasif1 U13"]
[Site "Chess.com INT"]
[Date "2020.12.17"]
[Round "9"]
[White "Garay Ramirez, Estefano Javier"]
[Black "Montano Velasco, Matias Khaleb"]
[Result "0-1"]
[WhiteElo "1099"]
[BlackElo "1354"]
[PlyCount "24"]
[EventDate "2020.12.17"]
[EventType "swiss"]
[EventRounds "9"]
[EventCountry "ECU"]
[SourceTitle "EXT 2022"]
[Source "ChessBase"]
[SourceDate "2021.10.06"]
[SourceVersion "1"]
[SourceVersionDate "2021.10.06"]
[SourceQuality "1"]

1. c4 g6 2. d4 Bg7 3. Nf3 d6 4. Nc3 Bg4 5. e4 Nc6 6. Be2 Bxf3 7. Bxf3 Nxd4 8. Be3 e5 9. Bxd4 exd4 10. Nd5 c6 11. Nb4 Qa5 12. Qb3 c5 0-1

[Event "ECU-ch Schools U15 Clas2"]
[Site "Chess.com INT"]
[Date "2020.11.07"]
[Round "3"]
[White "Montano Velasco, Matias Khaleb"]
[Black "Alvarado Navarro, Dante Santiago"]
[Result "1-0"]
[WhiteElo "1354"]
[BlackElo "1409"]
[PlyCount "109"]
[EventDate "2020.11.07"]
[EventType "swiss"]
[EventRounds "9"]
[EventCountry "ECU"]
[SourceTitle "EXT 2022"]
[Source "ChessBase"]
[SourceDate "2021.10.06"]
[SourceVersion "1"]
[SourceVersionDate "2021.10.06"]
[SourceQuality "1"]

1. c4 c6 2. Nc3 d5 3. cxd5 cxd5 4. d4 Nf6 5. g3 Nc6 6. Bg2 a6 7. Nf3 Bf5 8. 0-0 e6 9. Bf4 h6 10. Rc1 Bd6 11. Ne5 Rc8 12. Qb3 b5 13. Nxc6 Rxc6 14. Bxd6 Rxd6 15. e3 0-0 16. Qa3 Qb6 17. Qb4 Rb8 18. a4 bxa4 19. Qxb6 Rdxb6 20. Nxa4 Rb4 21. Nc5 R8b6 22. b3 Ne4 23. Bxe4 Bxe4 24. Ra1 Kh7 25. Rfc1 Bg6 26. Rc3 R4b5 27. Ra4 a5 28. h4 Rc6 29. Kg2 h5 30. Kf3 Bf5 31. Kg2 Kh6 32. f3 g5 33. e4 dxe4 34. fxe4 Bg6 35. Kf3 gxh4 36. gxh4 f5 37. e5 Bf7 38. Kf4 Rb4 39. Rxb4 axb4 40. Rc4 Rb6 41. Nd7 Rb5 42. Nf6 Bg6 43. Rc8 Kg7 44. Rg8+ Kf7 45. Rc8 Rb7 46. Rc4 Kg7 47. Kg5 Bf7 48. Nxh5+ Bxh5 49. Kxh5 Kh7 50. Kg5 Rg7+ 51. Kf6 f4 52. d5 f3 53. dxe6 f2 54. Rf4 Rg2 55. e7 1-0

[Event "ECU-ch Schools U15 Clas2"]
[Site "Chess.com INT"]
[Date "2020.11.07"]
[Round "8"]
[White "Montano Velasco, Matias Khaleb"]
[Black "Ubilluz Pena, Jaiden Andres"]
[Result "0-1"]
[WhiteElo "1354"]
[BlackElo "1324"]
[PlyCount "34"]
[EventDate "2020.11.07"]
[EventType "swiss"]
[EventRounds "9"]
[EventCountry "ECU"]
[SourceTitle "EXT 2022"]
[Source "ChessBase"]
[SourceDate "2021.10.06"]
[SourceVersion "1"]
[SourceVersionDate "2021.10.06"]
[SourceQuality "1"]

1. c4 c5 2. Nc3 Nc6 3. g3 g6 4. Bg2 Bg7 5. d3 d6 6. Nf3 Nf6 7. 0-0 0-0 8. Rb1 Rb8 9. a3 a5 10. Bd2 Na7 11. b4 axb4 12. axb4 b6 13. bxc5 dxc5 14. Na4 Bb7 15. Nxb6 Bxf3 16. Bxf3 Rxb6 17. Ba5 Rxb1 0-1

[Event "ECU-ch Schools U15 Clas1"]
[Site "Chess.com INT"]
[Date "2020.11.05"]
[Round "6"]
[White "Morocho Garzon, Fernando Jose"]
[Black "Montano Velasco, Matias Khaleb"]
[Result "1-0"]
[WhiteElo "1489"]
[BlackElo "1354"]
[PlyCount "23"]
[EventDate "2020.11.05"]
[EventType "swiss"]
[EventRounds "9"]
[EventCountry "ECU"]
[SourceTitle "EXT 2022"]
[Source "ChessBase"]
[SourceDate "2021.10.06"]
[SourceVersion "1"]
[SourceVersionDate "2021.10.06"]
[SourceQuality "1"]

1. e4 Nf6 2. e5 Nd5 3. d4 d6 4. Bc4 Nb6 5. Bb3 Nc6 6. exd6 cxd6 7. Nf3 Bg4 8. Bxf7+ Kxf7 9. Ng5+ Ke8 10. Qxg4 g6 11. 0-0 Bg7 12. Ne6 1-0

[Event "ECU-ch Schools U15 Clas1"]
[Site "Chess.com INT"]
[Date "2020.11.05"]
[Round "9"]
[White "Zhindon Minchala, Cristopher Damian"]
[Black "Montano Velasco, Matias Khaleb"]
[Result "1-0"]
[WhiteElo "190"]
[BlackElo "1354"]
[PlyCount "46"]
[EventDate "2020.11.05"]
[EventType "swiss"]
[EventRounds "9"]
[EventCountry "ECU"]
[SourceTitle "EXT 2022"]
[Source "ChessBase"]
[SourceDate "2021.10.06"]
[SourceVersion "1"]
[SourceVersionDate "2021.10.06"]
[SourceQuality "1"]

1. e4 Nf6 2. e5 Nd5 3. d4 d6 4. exd6 cxd6 5. Qf3 Nf6 6. Bg5 Nc6 7. Bb5 Qa5+ 8. Nc3 Bd7 9. Nge2 0-0-0 10. Bxf6 gxf6 11. 0-0 Rg8 12. a3 a6 13. Bxc6 Bxc6 14. Qh3+ e6 15. f3 Qg5 16. g4 h5 17. Ne4 Bxe4 18. fxe4 hxg4 19. Qg3 e5 20. d5 Bh6 21. Rf5 Qe3+ 22. Qxe3 Bg5 23. Qc3+ Kb8 1-0

[Event "Pan American-ch School U09"]
[Site "Medellin"]
[Date "2019.11.17"]
[Round "9.2"]
[White "Montano Velasco, Matias Khaleb"]
[Black "Soto Ramirez, Andres Camilo"]
[Result "1-0"]
[WhiteElo "1259"]
[BlackElo "1138"]
[PlyCount "108"]
[EventDate "2019.11.12"]
[EventType "swiss"]
[EventRounds "9"]
[EventCountry "COL"]
[SourceTitle "EXT 2024"]
[Source "ChessBase"]
[SourceDate "2023.10.10"]
[SourceVersion "1"]
[SourceVersionDate "2023.10.10"]
[SourceQuality "1"]

1. c4 e5 2. Nc3 Nc6 3. g3 g6 4. Bg2 Bg7 5. Nf3 f5 6. d3 Nf6 7. Rb1 a5 8. a3 d6 9. b4 axb4 10. axb4 0-0 11. b5 Ne7 12. b6 c6 13. 0-0 h6 14. c5 Be6 15. Na4 Nfd5 16. Qc2 Rxa4 17. Qxa4 Nc3 18. Qb4 Nxb1 19. Qxb1 dxc5 20. Qc2 Qxb6 21. Be3 Ra8 22. Qxc5 Qxc5 23. Bxc5 Nd5 24. Bd6 e4 25. dxe4 fxe4 26. Nd2 e3 27. Bxd5 exf2+ 28. Kxf2 Bxd5 29. e4 Be6 30. e5 b5 31. Ke3 Rd8 32. Ne4 Kh8 33. Nc5 Bc4 34. Ra1 Kh7 35. Ra7 Re8 36. Ke4 h5 37. Na6 Bd5+ 38. Kd4 Kh6 39. Nc7 Rd8 40. Kc5 Rd7 41. Ra8 Kg5 42. e6 Bd4+ 43. Kxd4 Rxd6 44. Ke5 Rxe6+ 45. Nxe6+ Bxe6 46. Kxe6 Kg4 47. Kd6 g5 48. Kxc6 Kh3 49. Ra2 b4 50. Kc5 b3 51. Rb2 g4 52. Kc4 h4 53. gxh4 Kxh4 54. Rxb3 Kg5 1-0

[Event "Pan American-ch School U09"]
[Site "Medellin"]
[Date "2019.11.16"]
[Round "8.1"]
[White "Silva Enciso, Juan Pablo"]
[Black "Montano Velasco, Matias Khaleb"]
[Result "1/2-1/2"]
[WhiteElo "1180"]
[BlackElo "1259"]
[PlyCount "41"]
[EventDate "2019.11.12"]
[EventType "swiss"]
[EventRounds "9"]
[EventCountry "COL"]
[SourceTitle "EXT 2024"]
[Source "ChessBase"]
[SourceDate "2023.10.10"]
[SourceVersion "1"]
[SourceVersionDate "2023.10.10"]
[SourceQuality "1"]

1. c4 g6 2. Nc3 Bg7 3. Nf3 d6 4. g3 e5 5. Bg2 f5 6. d3 h6 7. 0-0 g5 8. e4 f4 9. Bd2 Ne7 10. Qb3 Nbc6 11. h3 Ng6 12. Nh2 Nd4 13. Qd1 0-0 14. Qh5 Kh7 15. Nf3 Ne6 16. Nh2 Bd7 17. Qd1 Bc8 18. g4 Nh4 19. f3 Kg6 20. Nd5 Bd7 21. Nc3 1/2-1/2

[Event "Pan American-ch U08"]
[Site "Santiago de Chile"]
[Date "2018.07.24"]
[Round "4"]
[White "Marrujo Pardo, Mauricio Emmanuel"]
[Black "Montano Velasco, Matias Khaleb"]
[Result "1-0"]
[WhiteElo "1549"]
[BlackElo "1230"]
[PlyCount "52"]
[EventDate "2018.07.22"]
[EventType "swiss"]
[EventRounds "9"]
[EventCountry "CHI"]
[SourceTitle "EXT 2022"]
[Source "ChessBase"]
[SourceDate "2021.10.06"]
[SourceVersion "1"]
[SourceVersionDate "2021.10.06"]
[SourceQuality "1"]

1. b4 e6 2. Bb2 b6 3. Nf3 f5 4. e3 Nf6 5. a3 Bb7 6. g3 d5 7. d4 c5 8. c3 c4 9. b5 a5 10. a4 Bd6 11. Ng5 Qe7 12. Qc1 e5 13. Ba3 exd4 14. cxd4 Bb4+ 15. Nc3 h6 16. Nf3 Ne4 17. Bb2 Nxc3 18. Bxc3 Qe4 19. Be2 0-0 20. 0-0 Nd7 21. Qd2 Qe7 22. Nh4 Bxc3 23. Qxc3 Qe6 24. Rfd1 Nf6 25. f3 g5 26. Ng2 Nd7 1-0